000 00548nam a2200181Ia 4500
008 240925s9999 xx 000 0 und d
020 _a9789332575073
082 _a006.312 ERL
100 _aErl, Thomas ; Khattak, Wajid
245 0 _aBig Data Fundamentals: concepts, drives and techniques
250 _aNA
260 _aUttar Pradesh:
_bPearson Education Inc
_c,2017.
300 _axxv, 563p.
_b0
_fOriginal
500 _aIncludes Index
600 _aComputer Science
650 _aComputer science, information & general works
942 _cBK
999 _c13888
_d13888